000 01083nam a22003257a 4500
003 CHAP
005 20220329143609.0
008 100813s2009 mx a r 00010 spa d
010 _a99069
011 _a100041
020 _a9688848875
035 _a110727
040 _cCHAP
082 1 0 _a581.634
_bM54
100 0 0 _aMendoza Castelán, Guillermo.
_974621
245 1 3 _aLa farmacia viviente
_c/por Guillermo Mendoza Castelán, Roque Lugo Pérez y Humberto Tehuacatl Cuaquehua
260 _aChapingo, Méx. :
_bUACH. Departamento de Fitotecnia,
_c2009
300 _axii, 289 p. :
_bilus.
590 _aBATCH-UPD
_b10
_c20130110
_lUCH01
_h1137
590 _aBATCH-UPD
_b10
_c20130410
_lUCH01
_h0724
590 _aBATCH-UPD
_b10
_c20130914
_lUCH01
_h0743
590 _aCONVERSION
_b10
_c20130109
_lUCH01
_h1355
650 1 4 _aBotánica médica.
_914680
650 1 4 _aBotánica médica
_xHistoria.
_914685
650 1 4 _aJardines botánicos.
_961162
901 _aBK
911 _aen proceso
942 _cLIBRO
949 _a581.634 M54
_bBC
_cUACH
_d33724002216264
_eUACH
_h113184
_i110727
_sb
999 _c99069
_d99069